[Event "Recife Cacoal op"]
[Site "Recife"]
[Date "2024.06.02"]
[Round "6"]
[White "Pereira, Yago Regio Bonato"]
[Black "Lima, Luiz Carlos Rodrigu"]
[Result "0-1"]
[WhiteElo "1800"]
[BlackElo "1678"]
[PlyCount "84"]
[EventDate "2024.05.31"]
[EventType "swiss"]
[EventRounds "6"]
[EventCountry "BRA"]
[SourceTitle "CBM 220 Extra"]
[Source "ChessBase"]
[SourceDate "2024.07.31"]
[SourceVersion "1"]
[SourceVersionDate "2024.07.31"]
[SourceQuality "1"]

1. b4 d5 2. Nf3 Nd7 3. Bb2 Ngf6 4. e3 e6 5. Bd3 Bxb4 6. 0-0 Bd6 7. Nc3 e5 8. e4 d4 9. Nd5 c6 10. Nxf6+ Nxf6 11. h3 0-0 12. c4 h6 13. Qe2 Nh5 14. a4 Nf4 15. Qd1 Nxd3 16. Bxd4 exd4 17. Nxd4 Bxh3 18. Qf3 Bxg2 19. Qxg2 Nf4 20. Qg4 Qf6 21. Rab1 Qxd4 22. c5 Bc7 23. Rxb7 Qe5 24. d4 Ne2+ 25. Kg2 Qh2+ 26. Kf3 Nxd4+ 27. Ke3 f5 28. Qg6 Qf4+ 29. Kd3 Qxe4+ 30. Kc3 Ne2+ 31. Kb3 Qd3+ 32. Kb2 Be5+ 33. Ka2 Qc2+ 34. Ka3 Qxc5+ 35. Ka2 Qc2+ 36. Ka3 Qc5+ 37. Ka2 Nc3+ 38. Kb2 Nb5+ 39. Kb1 Qb4+ 40. Kc2 Qc3+ 41. Kd1 Rad8+ 42. Ke2 Rd2+ 0-1